Сопротивление хрупкому разрушению низкоуглеродистой трубной стали 12ГБА; Перспективные материалы с иерархической структурой для новых технологий и надежных конструкций

Dettagli Bibliografici
Parent link:Перспективные материалы с иерархической структурой для новых технологий и надежных конструкций.— 2015.— [С. 297-298]
Ente Autore: Национальный исследовательский Томский политехнический университет (ТПУ) Институт физики высоких технологий (ИФВТ) Кафедра материаловедения в машиностроении (ММС)
Altri autori: Деревягина Л. С., Панин В. Е. Виктор Евгеньевич, Корзников А. В., Гордиенко А. И. Антонина Ильдаровна
Riassunto:Заглавие с экрана
Lingua:russo
Pubblicazione: 2015
Serie:Неустойчивость и локализация деформации и разрушения в материалах с иерархической структурой
Soggetti:
Accesso online:http://www.ispms.ru/files/Conference/2015/tezis_2015.pdf#page=297
Natura: MixedMaterials Elettronico Capitolo di libro
KOHA link:https://koha.lib.tpu.ru/cgi-bin/koha/opac-detail.pl?biblionumber=646056

MARC

LEADER 00000nla2a2200000 4500
001 646056
005 20240131153822.0
035 |a (RuTPU)RU\TPU\network\11177 
035 |a RU\TPU\network\11167 
090 |a 646056 
100 |a 20160209d2015 k y0rusy50 ca 
101 0 |a rus 
102 |a RU 
105 |a a z 101zy 
135 |a drcn ---uucaa 
181 0 |a i  
182 0 |a b 
200 1 |a Сопротивление хрупкому разрушению низкоуглеродистой трубной стали 12ГБА  |f Л. С. Деревягина, В. Е. Панин, А. В. Корзников, А. И. Гордиенко 
203 |a Текст  |c электронный 
225 1 |a Неустойчивость и локализация деформации и разрушения в материалах с иерархической структурой 
300 |a Заглавие с экрана 
337 |a Adobe Reader 
463 1 |0 (RuTPU)RU\TPU\network\11053  |t Перспективные материалы с иерархической структурой для новых технологий и надежных конструкций  |o тезисы докладов Международной конференции, 21-25 сентября 2015 г., Томск  |f Российская академия наук (РАН), Сибирское отделение (СО), Институт физики прочности и материаловедения (ИФПМ)  |v [С. 297-298]  |d 2015 
610 1 |a электронный ресурс 
610 1 |a труды учёных ТПУ 
610 1 |a сопротивления 
610 1 |a хрупкое разрушение 
610 1 |a низкоуглеродистые стали 
610 1 |a трубные стали 
701 1 |a Деревягина  |b Л. С. 
701 1 |a Панин  |b В. Е.  |c специалист в области физики и механики деформируемого твердого тела, физического материаловедения  |c профессор Томского политехнического университета, доктор физико-математических наук  |c заведующий кафедрой материаловедения в машиностроении  |c директор Российского материаловедческого центра  |c научный руководитель Института физики прочности и материаловедения СО РАН  |f 1930-  |g Виктор Евгеньевич  |3 (RuTPU)RU\TPU\pers\12102 
701 1 |a Корзников  |b А. В. 
701 1 |a Гордиенко  |b А. И.  |c специалист в области материаловедения  |c доцент Томского политехнического университета, кандидат технических наук  |f 1982-  |g Антонина Ильдаровна  |3 (RuTPU)RU\TPU\pers\46860  |9 22482 
712 0 2 |a Национальный исследовательский Томский политехнический университет (ТПУ)  |b Институт физики высоких технологий (ИФВТ)  |b Кафедра материаловедения в машиностроении (ММС)  |3 (RuTPU)RU\TPU\col\18688 
801 1 |a RU  |b 63413507  |c 20101016 
801 2 |a RU  |b 63413507  |c 20210521  |g RCR 
856 4 |u http://www.ispms.ru/files/Conference/2015/tezis_2015.pdf#page=297 
942 |c CF